Statistics for Detroit Become Human Characters

Click here to take the quiz!

General Stats

  • This quiz has been taken 256 times
  • The average score is 21 of 26

Answer Stats

HintAnswer% Correct
Android working for the govermentConnor
99%
Android who has to take care of a little girl and cross the borderKara
99%
Leader of JerichoMarkus
99%
Love interest of the leader of JerichoNorth
97%
Little girl wants to cross border to get away from her abusive fatherAlice
96%
Police LieutenentHank Anderson
94%
High member of JerichoSimon
92%
Android that is really big goes with you after realising he is DeviantLuther
90%
Dog of the Police LieutenentSumo
89%
Abusive fatherTodd
89%
High member of JerichoJosh
88%
Former owner of the leader of JerichoCarl Manfred
87%
And his deceased sonCole Anderson
86%
Son of youre former ownerLeo Manfred
79%
The first Android to pass the tuning testChloe
77%
Police detective who is always angryGavin Reed
77%
Founder of CyberLifeElijah Kamski
75%
Helping you get over the borderRose
74%
Other founder of CyberLifeAmanda
73%
Androids who resides at a abandoned theme parkJerry
70%
Resides at Jericho misses half of her headLucy
69%
You can find him in a abondoned houseRalph
68%
Does tests and experiments with AndroidsZlatko
65%
Her sonAdam
62%
You can take him with you after stealing blue blood from CyberLifeJohn
56%
FBI AgentRichard Perkins
52%

Score Distribution

Percentile by Number Answered

Percent of People with Each Score

Your Score History

You have not taken this quiz